المنشآت الترفيهية في بلاد الغال خلال الثلاث قرون الأولي للميلاد / (Record no. 180614)

MARC details
000 -LEADER
fixed length control field 03953namaa22004211i 4500
003 - CONTROL NUMBER IDENTIFIER
control field OSt
005 - أخر تعامل مع التسجيلة
control field 20260625120141.0
008 - FIXED-LENGTH DATA ELEMENTS--GENERAL INFORMATION
fixed length control field 250827s2025 ua a|||frm||| 000 0 eng d
040 ## - CATALOGING SOURCE
Original cataloguing agency EG-GICUC
Language of cataloging ara
Transcribing agency EG-GICUC
Modifying agency EG-GICUC
Description conventions rda
041 0# - LANGUAGE CODE
Language code of text/sound track or separate title ara
Language code of summary or abstract ara
-- eng
049 ## - Acquisition Source
Acquisition Source إيداع
082 04 - DEWEY DECIMAL CLASSIFICATION NUMBER
Classification number 722.7
092 ## - LOCALLY ASSIGNED DEWEY CALL NUMBER (OCLC)
Classification number 722.7
Edition number 21
097 ## - Degree
Degree مــــاجستير
099 ## - LOCAL FREE-TEXT CALL NUMBER (OCLC)
Local Call Number Cai01.14.04.M.Sc.2025.مح.م
100 0# - MAIN ENTRY--PERSONAL NAME
Authority record control number or standard number ،محمود محمد عبد اللطيف أحمد
Preparation إعداد.
245 10 - TITLE STATEMENT
Title المنشآت الترفيهية في بلاد الغال خلال الثلاث قرون الأولي للميلاد /
Statement of responsibility, etc. إعداد محمود محمد عبد اللطيف أحمد؛ إشراف أ.د.خالد غريب علي أحمد شاهين، أ.د.منال أبو القاسم محمد.
246 15 - VARYING FORM OF TITLE
Title proper/short title Entertainment buildings in gaul during the first three centuries a.d /
264 #0 - PRODUCTION, PUBLICATION, DISTRIBUTION, MANUFACTURE, AND COPYRIGHT NOTICE
Date of production, publication, distribution, manufacture, or copyright notice 2025.
300 ## - PHYSICAL DESCRIPTION
Extent 262 صفحة :
Other physical details إيضاحيات ؛
Dimensions 30 سم. +
Accompanying material CD.
336 ## - CONTENT TYPE
Content type term text
Source rda content
337 ## - MEDIA TYPE
Media type term Unmediated
Source rdamedia
338 ## - CARRIER TYPE
Carrier type term volume
Source rdacarrier
502 ## - DISSERTATION NOTE
Dissertation note أطروحة (ماجستير)-جامعة القاهرة، 2025.
504 ## - BIBLIOGRAPHY, ETC. NOTE
Bibliography, etc. note ببليوجرافيا: صفحات 249-262.
520 ## - SUMMARY, ETC.
Summary, etc. يتناول البحث موضوع المنشآت الترفيهية في بلاد الغال خلال الثلاث قرون الأولي للميلاد وينقسم البحث إلي عدة أقسام كالتالي تمهيد وخمسة فصول وخاتمة وملاحق وجاءت على رأسهم جميعًا المقدمة التي تعرض أهمية البحث وأسباب اختيار الموضوع بالإضافة إلى الدراسات السابقة.الفصل الأول يتناول أولاً: المسارح الرومانية الطراز في بلاد الغال، ثانيًا: مباني الأوديون ،الفصل الثاني يتناول مباني المجالدة في بلاد الغال، الفصل الثالث يتناول المباني الترفيهية ذات الوظيفة المزدوجة ( المسرح – مباني المجالدة).الفصل الرابع يتناول مباني مضمار السباق. الفصل الخامس يتناول الدراسة التحليلية، ثم تأتي الخاتمة.
520 ## - SUMMARY, ETC.
Summary, etc. The research deals with the topic of Entertainment Buildings in Gaul during the first three centuries AD. The research is divided into several sections as follows: an introduction, five chapters, a conclusion, and appendices. The most important of them all is the introduction, which presents the importance of the research and the reasons for choosing the topic, in addition to previous studies. Chapter One deals first with Roman-style theatres in Gaul. Second, with the Odeon buildings. Chapter Two deals with Roman Amphitheatres in Gaul. Chapter Three deals with dual-functional entertainment buildings (theatre and Amphitheatres). Chapter Four deals with hippodromus buildings. Chapter Five provides an analytical study, followed by a conclusion.
530 ## - ADDITIONAL PHYSICAL FORM AVAILABLE NOTE
Issues CD صدر أيضًا كقرص مدمج.
546 ## - LANGUAGE NOTE
Text Language النص بالعربية والملخص باللغة الإنجليزية والعربية.
650 #7 - SUBJECT ADDED ENTRY--TOPICAL TERM
Topical term or geographic name entry element العمارة الرومانية
Source of heading or term qrmak
653 #0 - INDEX TERM--UNCONTROLLED
Uncontrolled term المسارح
-- الأوديون
-- مباني المجالدة
700 0# - ADDED ENTRY--PERSONAL NAME
Personal name خالد غريب علي أحمد شاهين
Relator term مشرف أطروحة.
700 0# - ADDED ENTRY--PERSONAL NAME
Personal name منال أبو القاسم محمد
Relator term مشرف أطروحة.
900 ## - Thesis Information
Grant date 08-03-2025
Supervisory body خالد غريب علي أحمد شاهين
-- منال أبو القاسم محمد
Discussion body ممدوح المصري
-- عبد الرحمن علي
Universities جامعة القاهرة
Faculties كلية الآثار
Department قسم الآثار اليونانية والرومانية
905 ## - Cataloger and Reviser Names
Cataloger Name Sara Salah
942 ## - ADDED ENTRY ELEMENTS (KOHA)
Source of classification or shelving scheme Dewey Decimal Classification
Koha item type Thesis
Edition 21
Suppress in OPAC No
Holdings
Source of classification or shelving scheme Home library Current library Date acquired Inventory number Full call number Barcode Date last seen Effective from Koha item type
Dewey Decimal Classification المكتبة المركزبة الجديدة - جامعة القاهرة قاعة الرسائل الجامعية - الدور الاول 25.06.2026 33276 Cai01.14.04.M.Sc.2025.مح.م 01010100033276000 25.06.2026 25.06.2026 Thesis
Cairo University Libraries Portal Implemented & Customized by: Eng. M. Mohamady Contacts: new-lib@cl.cu.edu.eg | cnul@cl.cu.edu.eg
CUCL logo CNUL logo
© All rights reserved — Cairo University Libraries
CUCL logo
Implemented & Customized by: Eng. M. Mohamady Contact: new-lib@cl.cu.edu.eg © All rights reserved — New Central Library
CNUL logo
Implemented & Customized by: Eng. M. Mohamady Contact: cnul@cl.cu.edu.eg © All rights reserved — Cairo National University Library